[Event "FTX Crypto Cup 2022"]
[Site "Miami USA"]
[Date "2022.08.21"]
[Round "7.2"]
[White "Praggnanandhaa, R"]
[Black "Carlsen, Magnus"]
[Result "1/2-1/2"]
[WhiteTitle "GM"]
[BlackTitle "GM"]
[WhiteElo "2661"]
[BlackElo "2864"]
[WhiteFideId "25059530"]
[BlackFideId "1503014"]
[EventDate "2022.08.15"]

1. d4 Nf6 2. c4 e6 3. Nf3 d5 4. Nc3 Bb4 5. Qa4+ Nc6 6. e3 O-O 7. Qc2 Na5 8. cxd5
exd5 9. Bd3 c5 10. dxc5 Nc6 11. Bd2 Bxc5 12. Ne2 Nb4 13. Qb1 Nxd3+ 14. Qxd3 Ne4
15. Nfd4 a5 16. Rc1 b6 17. Bc3 Ba6 18. Qd1 Rc8 19. O-O Bxd4 20. exd4 Qf6 21. f3
Nxc3 22. bxc3 Qe7 23. Re1 Qe3+ 24. Kh1 Rfe8 25. Ng3 Qxe1+ 26. Qxe1 Rxe1+ 27.
Rxe1 g6 28. Rc1 Rc4 29. Ne2 Ra4 30. Rc2 Ra3 31. Nc1 Bb5 32. Kg1 Ba4 33. Rb2 Rxc3
34. Ne2 Rc4 35. Rxb6 Bd1 36. Kf1 Bxe2+ 37. Kxe2 Rxd4 38. Kf2 Rd2+ 39. Kg3 a4 40.
a3 Rd3 41. Rb5 Kg7 42. Rb4 Rxa3 43. Rd4 Kf6 44. Rxd5 Rc3 45. Ra5 a3 46. Kf4 Ke6
47. h4 f6 48. Ke4 h5 49. Kd4 Rb3 50. Kc4 Rb2 51. Rxa3 Rxg2 52. Kd3 g5 53. hxg5
fxg5 54. Ke3 h4 55. Ra6+ Kf5 56. Ra5+ Kg6 57. Ra6+ Kh5 58. Ra8 Rb2 59. Rh8+ Kg6
60. f4 h3 61. fxg5 Kxg5 62. Kf3 h2 63. Kg3 Ra2 64. Rxh2 Rxh2 65. Kxh2 1/2-1/2

[Event "FTX Crypto Cup 2022"]
[Site "Miami USA"]
[Date "2022.08.21"]
[Round "7.3"]
[White "Le, Quang Liem"]
[Black "Niemann, Hans Moke"]
[Result "1/2-1/2"]
[WhiteTitle "GM"]
[BlackTitle "GM"]
[WhiteElo "2728"]
[BlackElo "2687"]
[WhiteFideId "12401137"]
[BlackFideId "2093596"]
[EventDate "2022.08.15"]

1. d4 Nf6 2. c4 e6 3. Nc3 Bb4 4. Nf3 O-O 5. e3 d5 6. Bd2 b6 7. cxd5 exd5 8. Bd3
Bb7 9. Rc1 Nbd7 10. O-O Be7 11. Ne5 c5 12. Be1 cxd4 13. Nxd7 Qxd7 14. Nb5 Rac8
15. Rxc8 Rxc8 16. Nxd4 Ne4 17. f3 Nc5 18. Bf5 Ne6 19. Bc3 Bf8 20. f4 Qe8 21.
Bxe6 fxe6 22. Qg4 Bc5 23. h3 Qg6 24. Qh4 Qf6 25. Qe1 Qf7 26. Kh2 Ba6 27. Rf3 Bd3
28. Rg3 Bf8 29. Nf3 Bf5 30. Qd1 g6 31. Ne5 Qe7 32. Rf3 Bg7 33. Rf2 Be4 34. Bd4
h6 35. Ng4 Kh7 36. a3 Bf5 37. Ne5 g5 38. Nf3 gxf4 39. exf4 Be4 40. Bxg7 Qxg7 41.
Ne5 Rg8 42. Qg4 Qf6 43. Qe2 Qg7 44. Qg4 Qf6 45. Qe2 Qg7 46. Qg4 1/2-1/2

[Event "FTX Crypto Cup 2022"]
[Site "Miami USA"]
[Date "2022.08.21"]
[Round "7.4"]
[White "Praggnanandhaa, R"]
[Black "Carlsen, Magnus"]
[Result "1-0"]
[WhiteTitle "GM"]
[BlackTitle "GM"]
[WhiteElo "2661"]
[BlackElo "2864"]
[WhiteFideId "25059530"]
[BlackFideId "1503014"]
[EventDate "2022.08.15"]

1. d4 e6 2. c4 Bb4+ 3. Bd2 Bxd2+ 4. Qxd2 f5 5. Nc3 Nf6 6. e3 d6 7. Bd3 e5 8.
Nge2 c5 9. d5 e4 10. Bc2 Nbd7 11. Ba4 O-O 12. Bxd7 Nxd7 13. h4 Ne5 14. b3 Nd3+
15. Kf1 Qf6 16. Nf4 b5 17. Nxd3 exd3 18. cxb5 a6 19. Rd1 axb5 20. Nxb5 f4 21.
exf4 Bg4 22. f3 Bf5 23. Kf2 Rfe8 24. Nc3 h5 25. Rde1 Rxe1 26. Rxe1 Qxh4+ 27. Kg1
Qf6 28. Nb5 h4 29. a4 c4 30. bxc4 Rxa4 31. Rc1 Kh7 32. Kh2 Bg6 33. Rc3 Ra2 34.
Qxa2 Qxf4+ 35. Kh1 d2 36. Qa1 Qe5 37. Rc1 dxc1=R+ 38. Qxc1 Bd3 39. Qd2 Bf5 40.
Qg5 h3 41. Nxd6 hxg2+ 42. Kg1 Qe1+ 43. Kxg2 Qe2+ 44. Kg3 Qe5+ 45. Kf2 Qb2+ 46.
Kg1 Qd4+ 47. Kg2 Qb2+ 48. Kh1 Bd3 49. Qe3 Bf1 50. Qg1 Qc1 51. Nf5 1-0

[Event "FTX Crypto Cup 2022"]
[Site "Miami USA"]
[Date "2022.08.21"]
[Round "7.4"]
[White "Niemann, Hans Moke"]
[Black "Le, Quang Liem"]
[Result "0-1"]
[WhiteTitle "GM"]
[BlackTitle "GM"]
[WhiteElo "2687"]
[BlackElo "2728"]
[WhiteFideId "2093596"]
[BlackFideId "12401137"]
[EventDate "2022.08.15"]

1. e4 e5 2. Nf3 Nc6 3. Bc4 Nf6 4. d3 Bc5 5. O-O d6 6. c3 O-O 7. Re1 Bb6 8. h3
Ne7 9. a4 c6 10. d4 Ng6 11. dxe5 Nxe5 12. Nxe5 dxe5 13. Qxd8 Rxd8 14. a5 Bc7 15.
Nd2 Bd7 16. b4 b5 17. Ba2 c5 18. bxc5 Bc6 19. Bb1 Rab8 20. Nb3 b4 21. c4 Bd7 22.
Be3 Be6 23. Rc1 a6 24. Kh2 h6 25. Ra4 Bd7 26. Ra2 Bc6 27. f3 Nh5 28. Rd2 Rxd2
29. Bxd2 Nf4 30. Bc2 Ne2 31. Ra1 f5 32. Re1 Nd4 33. Nxd4 exd4+ 34. e5 Bxa5 35.
Bxf5 Bc7 36. Be6+ Kf8 37. Bd5 Be8 38. Bc1 Bg6 39. Bb2 b3 40. f4 Bc2 41. Bxd4 b2
42. Bxb2 Rxb2 43. Re2 Ra2 44. Bb7 g5 45. fxg5 hxg5 46. Bxa6 Rxa6 47. Rxc2 Bxe5+
48. Kg1 Bd4+ 49. Kh2 Be5+ 50. Kg1 Ke7 51. Kf2 Ra3 52. Re2 Kf6 53. Rc2 Bd4+ 54.
Ke2 Bxc5 55. Rd2 Re3+ 56. Kf1 Rc3 57. Rd5 Rxc4 58. g3 Be7 59. Kg2 Ke6 60. Rd3
Bd6 61. Kf3 Bc5 62. Rd1 Ke5 63. Rd3 Bb4 64. Rd1 Bd6 65. Rd3 Ke6 66. Rb3 Kf5 67.
Rb5+ Bc5 68. Rb3 Rc2 69. g4+ Ke5 70. Kg3 Ke4 71. h4 Bd6+ 72. Kh3 Rh2# 0-1

[Event "FTX Crypto Cup 2022"]
[Site "Miami USA"]
[Date "2022.08.21"]
[Round "7.6"]
[White "Praggnanandhaa, R"]
[Black "Carlsen, Magnus"]
[Result "1-0"]
[WhiteTitle "GM"]
[BlackTitle "GM"]
[WhiteElo "2661"]
[BlackElo "2864"]
[WhiteFideId "25059530"]
[BlackFideId "1503014"]
[EventDate "2022.08.15"]

1. d4 g6 2. e4 Bg7 3. Nf3 d6 4. Bc4 Nf6 5. Qe2 Nc6 6. h3 e5 7. dxe5 Nxe5 8. Nxe5
dxe5 9. O-O O-O 10. Rd1 Qe7 11. b3 Rd8 12. Rxd8+ Qxd8 13. Nc3 c6 14. a4 Qe8 15.
Be3 Be6 16. Rd1 Bf8 17. Bxe6 Qxe6 18. Rd3 a6 19. Qd1 Bb4 20. f3 Qe7 21. Kh2 b5
22. Na2 Bc5 23. Bxc5 Qxc5 24. axb5 axb5 25. Rd8+ Rxd8 26. Qxd8+ Kg7 27. Qd2 Nh5
28. Nb4 Nf4 29. c3 h5 30. h4 Ne6 31. Nd3 Qd6 32. Qe3 c5 33. Nf2 Nf4 34. g3 Ne6
35. Qd3 Qb6 36. Kg2 Qa5 37. c4 b4 38. Qd5 Qa1 39. Nd3 Qa2+ 40. Kh3 Qxb3 41. Nxe5
Qb1 42. Kh2 Qb2+ 43. Kh3 b3 44. Nd3 Qc3 45. f4 b2 46. Nxb2 Qxb2 47. f5 Qa1 48.
Kg2 gxf5 49. exf5 Qb2+ 50. Kh3 Qc1 51. fxe6 fxe6 52. Qe5+ 1-0